00733nam a2200181 a 450000100100000000500170001000800410002704000250006824500960009326000820018930000210027170000380029270000410033071000490037104900090042095201050042999900170053400002710620200930030615.0110329s1985 dr a 000 0 spa d aDO-SdBNPbspacBNPHU00aInvestigaciones agropecuarias 1973-1984 /cprólogo Leovigildo Bello, Juan Díaz Gómez. aSanto Domingo :bSecretaría de Estado de AgriculturabEditora Nivar,c1985. a199 p. ;c21 cm.1 aBello, Leovigildoepról.9541841 aDíaz Gómez, Juanepról.9541852 aSecretaría de Estado de Agricultura916449 aBNPD 0010718PDaPDbPDcCTd2011-03-29iLF1l0o p27106-10r2020-06-25w2020-06-25yLFPDZNo se presta c26598d26598